| 000 | 00433nam a2200145Ia 4500 | ||
|---|---|---|---|
| 008 | 170224s9999 xx 000 0 und d | ||
| 100 | _aJohn G. Dawes | ||
| 245 | _aTesting the robustness of brand partitions identified from purchase duplication analysis | ||
| 245 | _cJohn G. Dawes | ||
| 260 | _bJournal of Marketing Management | ||
| 260 | _c2016 | ||
| 300 | _a32:7-8,Pages: 695-715 | ||
| 500 | _aJune | ||
| 650 | _xMarketing. | ||
| 999 |
_c315947 _d315947 |
||